Tanévnyitó ünnepségek Elsőévesek köszöntése
Elmentve itt :
| Dokumentumtípus: | Cikk |
|---|---|
| Megjelent: |
1980-09-09
|
| Sorozat: | Délmagyarország
70 No. 211 |
| Kulcsszavak: | Tanárképző Főiskola |
| Online Access: | http://dmarchiv.bibl.u-szeged.hu/118259 |
| LEADER | 00436nab a2200145 i 4500 | ||
|---|---|---|---|
| 001 | delm118259 | ||
| 005 | 20190531103542.0 | ||
| 008 | 190531s1980 hu o 0|| hun d | ||
| 040 | |a SZTE Délmagyarország Archívum |b hun | ||
| 041 | |a hun | ||
| 245 | 0 | 0 | |a Tanévnyitó ünnepségek |h [elektronikus dokumentum] : |b Elsőévesek köszöntése |
| 260 | |c 1980-09-09 | ||
| 300 | |a 1 | ||
| 490 | 0 | |a Délmagyarország |v 70 No. 211 | |
| 695 | |a Tanárképző Főiskola | ||